Ein schlesisches carmen heroicum
| Titel: | Ein schlesisches carmen heroicum : Wencel Scherffers von Scherffenstein "Pitschnische Schlacht" im Vergleich mit ihrer wiedergefundenen lateinischen Quelle |
|---|---|
| Verfasser: | |
| In: |
Daphnis, Band 30 (2001), Seite 417-440 alle Artikel anzeigen |
| Veröffentlicht: | 2001 |
| Format: | Aufsatz |
| Sprache: | Deutsch |
X
alg: 39232141 001A $01999:11-11-16 001B $03025:30-03-26 $t17:44:19.000 001C $06050:19-11-16 $t08:37:14.000 001D $01999:11-11-16 001U $0utf8 001X $00 002@ $0Aox 003@ $0392321416 007A $0392321416 $aHEB 007T $0Herd42739 010@ $ager 011@ $a2001 021A $aEin @schlesisches carmen heroicum $dWencel Scherffers von Scherffenstein "Pitschnische Schlacht" im Vergleich mit ihrer wiedergefundenen lateinischen Quelle 028A $aPietrzak $dEwa 031A $d30 $h417-440 $j2001 037A $aBetr. das Aufeinandertreffen der Truppen Maximilians von Österreich und Jan Zamoyskis in der Folge der Königswahl von 1587 039B $aIn $8--Abvc--. Daphnis. - Leiden ; Boston, Mass. : Brill Rodopi, 1972-. - ISSN 0300-693X $x200100000300000583 $9047108258 044K $#Scherffer von Scherffenstein, Wenzel $#Scherffer von Scharffenstein, Wenzel $#Scherffenstein, Wencel Scherffer von $#Scherffenstein, Wenzel S. von $#Scherffern, Wencel $#Scherffer, Wencel $#Scherfer, Wenzeslaus $#Scherfer, Wenceslaus $#W. S. $#W. S. V. S. $#S., W. $#Scherffenstein, Wenzel $#Scherffer von Scherffenstein, Wenzeslaus $#Scherffer von Scherffenstein, Wencel $#Der Verlangende $#Verlangende, Der $#Scherffenstein, Wencel S. von $7118607243 $8Scherffer, Wenzel$Z1603-1674 [Tp1] $9086948229 045F $a809 $eDDC23BSB 045F/01 $a809 045F/03 $f09032 045F/03 $g4385 045F/03 $g438 045T $a7,20 $b7,12 045T $aLING $qDE-30 $2FID 045T $aAVL $qDE-30 $2FID 045T $aGER $qDE-30 $2FID lok: 39232141 78 exp: 39232141 78 1 #EPN 201B/01 $019-06-18 $t22:45:07.000 201U/01 $0utf8 203@/01 $0788418785 208@/01 $a11-11-16 $be 209A/01 $a/ $f000 $x00 220C/01 $aTitelaufnehmer: cs 244Z/01 $2Trx $#Silesia $#Śląsk $#Sliezsko $#Slezsko $8--Trx--Schlesien $x01 $9391173987 244Z/01 $2Trx $#Poola $#Lenkija $#Polija $#Polen Land $#Poland $#Lengyelország $#Poľsko $#Polsko $8--Trx--Polska$gkraj $x02 $9391345966 244Z/01 $#Pitschen $74306716-5 $8--Tg1--Byczyna$gOppeln $x03 $9086679651 244Z/01 $aGeschichte 1588 $x04 244Z/01 $2Trx $8--Trx--Scherffer von Scherffenstein, Wencel$Z1598-1674 $x05 $9390704946 244Z/01 $2Trx $#Maximilian der Deutschmeister $8--Trx--$PMaximilian III. von Österreich$Z1558-1618 $x06 $9390849375 244Z/01 $#Zamoyski, Johann $#Zamojskij, Jan $#Sarius Zamoscius, Johannes $#Zamovski, Jan $#Zamoyscki, Jan $#Sarius, Johannes $#Zamoscius, ... $#Zamoscius Sarius, Joannes $#Zamojscki, Jan $#Zamoysky, Jan Szari $#Samoschius, Johannes $#Zamoscius, Joannes de $#Zamoscius, Joan. de $#Zamoscius, Johannes de $#Zamoscio, Johannes de $#Zamoscius, Johannes Sarius $#Zamoscius, Ioannes $#Zamoisky, Jean $#Zamojski, Jan $#Zamoyski, Johann Saryuss $#Zamoyski von Zamosść, Johann Saryuss $#Samoscius, Johannes $#Szari Zamoysky, Jan $#Zamosky, Jan $#Samoscius, Johannes de $#Samoscyus, Johannes $#Zamoiski, Joannes $#Zamoscus, Joannes Sarius $#Zamoscius, Joannes Sarius $#Zamoysky, Jan $#Zamoscius, Johannes $#Zamoyski, Jan Sariusz $#Zamoyski, Jean $7118808265 $8--Tp1--Zamoyski, Jan$Z1542-1605 $x07 $9087148846 244Z/01 $2Trx $#kirjandus, Saksa $#literatūra, vokiečių $#Literature, German $#irodalom, német $#literatura niemiecka $#literatúra nemecká $#literatura německá $8--Trx--Literatur, deutsche $x08 $9391368125 244Z/01 $2Trx $#kuninga valimised Poola $#karaliaus rinkimai Lenkija $#Elections, royal $#királyválasztások Lengyelország $#elekcje królewskie Polska $#voľby kráľa Poľsko $#volby krále Polsko $8--Trx--Königswahlen$gPolen $x09 $939137057X 244Z/01 $2Trx $8--Trx--Zeitschriftenaufsatz $x10 $9391384341 245Z/01 $a11.08 $x01 247C/01 $82080>Marburg/Lahn, Herder-Institut, Forschungsbibliothek, Bibliographieportal $9336309341
| LEADER | 00000caa a22000002c 4500 | ||
|---|---|---|---|
| 001 | 392321416 | ||
| 003 | DE-603 | ||
| 005 | 20260330174419.0 | ||
| 007 | tu | ||
| 008 | 161111s2001 xx |||| | u00||u|ger c | ||
| 035 | |a (DE-599)HEB392321416 | ||
| 040 | |a DE-603 |b ger |c DE-603 |d DE-603 | ||
| 041 | |a ger | ||
| 082 | 0 | 4 | |8 1\u |a 809 |q DE-101 |2 23/BSB |
| 084 | |a 7,20 |2 ssgn | ||
| 084 | |a LING |q DE-30 |2 fid | ||
| 084 | |a AVL |q DE-30 |2 fid | ||
| 084 | |a GER |q DE-30 |2 fid | ||
| 085 | |8 1\u |b 809 | ||
| 085 | |8 1\u |z 1 |s 09032 | ||
| 085 | |8 1\u |z 2 |s 4385 | ||
| 085 | |8 1\u |z 2 |s 438 | ||
| 100 | 1 | |a Pietrzak, Ewa | |
| 245 | 0 | 0 | |a Ein schlesisches carmen heroicum |b Wencel Scherffers von Scherffenstein "Pitschnische Schlacht" im Vergleich mit ihrer wiedergefundenen lateinischen Quelle |
| 264 | 0 | |c 2001 | |
| 500 | |a Betr. das Aufeinandertreffen der Truppen Maximilians von Österreich und Jan Zamoyskis in der Folge der Königswahl von 1587 | ||
| 600 | 1 | 7 | |a Scherffer, Wenzel |d 1603-1674 |0 (DE-588)118607243 |0 (DE-603)086948229 |2 gnd |
| 773 | 0 | 8 | |i In |t Daphnis |d Leiden ; Boston, Mass. : Brill Rodopi, 1972- |x 0300-693X |g Band 30 (2001), Seite 417-440 |w (DE-603)047108258 |w (DE-600)121258-8 |
| 924 | 0 | |9 2080 |a (DE-603)788418785 |b DE-2080 |c HES |d d |g / | |


